| 000 | 00963nam a2200241 a 4500 | ||
|---|---|---|---|
| 001 | 000004313 | ||
| 005 | 20240307073944.0 | ||
| 008 | 090721s2000 dr 000 0 spa d | ||
| 020 | _a9993429074 | ||
| 040 |
_aDO-SdBNP _bspa _cBNPHU |
||
| 082 |
_a303.6 _bF727f |
||
| 111 | 2 |
_aForo Nacional sobre la Violencia _d(1999 : _cSanto Domingo) _912735 |
|
| 245 | 1 | 0 |
_aForo Nacional sobre la Violencia : _bhacia el diseño de un sistema de protección ciudadana / _ceditores Franklin García Fermín... [et.al]. |
| 260 |
_aSanto Domingo : _bUASD _bCollado, _c2000. |
||
| 300 |
_a133 p. ; _c21 cm. |
||
| 504 | _aBibliografía : p. 131-133 | ||
| 590 | _aInventariado, 2018/BT | ||
| 650 | 4 |
_aViolencia _xCongresos, conferencias, etc. _912736 |
|
| 700 | 1 | 2 |
_aGarcía Fermín, Franklin, _eed. _96422 |
| 710 | 1 |
_aEstados Unidos. _bAgencia Internacional de Desarrollo _912737 |
|
| 710 | 1 |
_aUniversidad Autónoma de Santo Domingo _972951 |
|
| 910 | _aValidado. Control de calidad. MFF | ||
| 999 |
_c4122 _d4122 |
||